| 000 | 01161cam a2200265 4500 | ||
|---|---|---|---|
| 001 | ##L131826 | ||
| 008 | 051212n2005 000 0 eng u | ||
| 020 | _a0860176371 | ||
| 035 | _a(Sirsi) u131826 | ||
| 041 | 0 | _aeng | |
| 050 | 0 | 4 | _a624.1513 $2 18 |
| 100 | 1 | _aPhear, A. | |
| 245 | 0 | 0 |
_aSoil nailing _bbest practice guidance |
| 260 |
_aLondon _bCIRIA _c2005 |
||
| 300 |
_a286p _bill, diagrams, tables _c30cm |
||
| 490 | 0 |
_aCIRIA _vC637 |
|
| 520 | _aSoil nailing is a technique where either natural ground or fill material is reinforced by the insertion of slender tension-carrying elements called soil nails. This book provides a guide on the routine use of the technique, and covers the design, construction, testing and maintenance of soil-nailed walls and slopes. Based on a detailed review of published literature, consultation with industry experts and practitioners, case studies, and existing codes and standards. | ||
| 690 | _aBUILT ENVIRONMENT-ENGINEERING-CIVIL ENGINEERING-GROUND ENGINEERING | ||
| 700 | 1 | _aDew, C. | |
| 700 | 1 | _aOzsoy, B. | |
| 700 | 1 | _aWharmby, N. J. | |
| 700 | 1 | _aJudge, J. | |
| 700 | 1 | _aBarley, A. D. | |
| 942 | _n0 | ||
| 999 |
_c104856 _d104856 |
||